000 00700nam a2200289Ia 4500
005 20260324113948.0
008 008 260324s9999 xx 000 0 eng d
020 _a9781041057703
037 _aEBOOK
040 _aCRL
040 _beng
040 _cCRL
041 _2eng
041 _aeng
084 _qCRL
100 _aBob Thomson; Sarah Alexander
_91148869
245 0 _aTransforming Performance at Work
245 4 _bThe Power of Positive Psychology
260 _bTaylor and Francis
260 _c2023
365 _a
365 _b89.99
856 _uhttp://www.taylorfrancis.com/books/9781041057703
942 _cEBOOK
999 _c1738801
_d1738801